000 00665nam a2200277Ia 4500
005 20260324150318.0
008 008 260324s9999 xx 000 0 eng d
020 _a9781032685410
037 _aEBOOK
040 _aCRL
040 _beng
040 _cCRL
041 _2eng
041 _aeng
084 _qCRL
100 _aRandall Smith; Greta Sumner
_91225992
245 0 _aPlanning Local Authority Services for the Elderly
260 _bTaylor and Francis
260 _c1969
365 _a
365 _b195
856 _uhttp://www.taylorfrancis.com/books/9781032685410
942 _cEBOOK
999 _c1835220
_d1835220